000
00342 a2200157 4500
001
194216
020
_a
978-85-322-8600-0
040
_c
Magnum
100
_a
Hugo, Victor
240
1
0
_a
Os miseráveis
_l
por
245
1
0
_a
Os miseráveis
300
_a
243
362
0
_a
2013
697
_a
LÍNGUA - LINGÜÍSTICA - LITERATURA
942
_c
BK
999
_c
194216
_d
194216